| 000 | 00838nas a2200229 a 4500 | ||
|---|---|---|---|
| 001 | 33149 | ||
| 003 | BD-RjUL | ||
| 005 | 20211209051945.0 | ||
| 008 | 140430s1965 pk au g 0 0 0eng | ||
| 035 | _a(BD-RjUL)33240 | ||
| 040 |
_aDLC _cCarP _dDLC _dBD-RjUL _beng |
||
| 041 | _aeng | ||
| 082 |
_a301.09549 _bPAK 1965 |
||
| 110 | 2 |
_aPakistan Sociological Association. [from old catalog] _9174390 |
|
| 245 | 0 | 0 |
_aPakistan sociological studies : _bpapers from the first annual Conference of the Pakistan Sociological Association, Karachi, April 27-29, 1964 / _cArticles by Md. Afsar Uddin ... [et al.]. |
| 260 |
_aLahore : _bPakistan Sociological Association, _c1965. |
||
| 300 |
_a115 p; : _c24 cm. _bill. ; |
||
| 650 | 0 |
_aSociology _xSocieties _9100694 |
|
| 740 | 0 | _aPakistan sociological studies. | |
| 942 |
_2ddc _cBK |
||
| 999 |
_c33149 _d33149 |
||